| 000 | 00713nam a22002297a 4500 | ||
|---|---|---|---|
| 005 | 20170222150934.0 | ||
| 010 | _aENG-117304 | ||
| 020 |
_a9789386062512 _c450.00 |
||
| 035 | _aEN-100836 | ||
| 037 | _bDBAD/PUB | ||
| 082 | 0 | 0 | _a379.158 |
| 100 | _aIsaacs, Tina | ||
| 245 | 1 | 0 |
_aKey concepts in educational assessment : _cby Tina Isaacs...[et...al] |
| 260 |
_a New Delhi _bSAGE Publications, _c2017 |
||
| 270 |
_aB1/I-1 Mohan Cooperative Industrial Area, Mathura Road _b New Delhi _e110044 |
||
| 300 |
_axi,256p. _c23 cm.(pbk) |
||
| 490 | _aSAGE key concepts | ||
| 504 | _aIncludes index. | ||
| 700 | _aZara,Cattherine | ||
| 700 | _aHerbert Graham | ||
| 942 |
_2ddc _cEN _h379.158 _mTIN |
||
| 999 |
_c137782 _d137782 |
||